<?xml version="1.0" encoding="UTF-8"?>
<record
    xmlns:xsi="http://www.w3.org/2001/XMLSchema-instance"
    xsi:schemaLocation="http://www.loc.gov/MARC21/slim http://www.loc.gov/standards/marcxml/schema/MARC21slim.xsd"
    xmlns="http://www.loc.gov/MARC21/slim">

  <leader>01024nam a2200229   4500</leader>
  <datafield tag="952" ind1=" " ind2=" ">
    <subfield code="0">0</subfield>
    <subfield code="1">0</subfield>
    <subfield code="4">0</subfield>
    <subfield code="7">0</subfield>
    <subfield code="a">07</subfield>
    <subfield code="b">07</subfield>
    <subfield code="d">2018-08-17</subfield>
    <subfield code="l">0</subfield>
    <subfield code="o">C NA687 A7318</subfield>
    <subfield code="p">07 006434</subfield>
    <subfield code="r">2018-08-17</subfield>
    <subfield code="t">1</subfield>
    <subfield code="w">2018-08-17</subfield>
    <subfield code="y">LB</subfield>
  </datafield>
  <datafield tag="952" ind1=" " ind2=" ">
    <subfield code="0">0</subfield>
    <subfield code="1">0</subfield>
    <subfield code="2">lcc</subfield>
    <subfield code="4">0</subfield>
    <subfield code="7">0</subfield>
    <subfield code="a">20</subfield>
    <subfield code="b">20</subfield>
    <subfield code="d">2018-08-21</subfield>
    <subfield code="l">0</subfield>
    <subfield code="o">C NA687 A7318</subfield>
    <subfield code="p">20 004023</subfield>
    <subfield code="r">2025-02-24</subfield>
    <subfield code="t">1</subfield>
    <subfield code="w">2018-08-21</subfield>
    <subfield code="y">LB</subfield>
  </datafield>
  <datafield tag="952" ind1=" " ind2=" ">
    <subfield code="0">0</subfield>
    <subfield code="1">0</subfield>
    <subfield code="4">0</subfield>
    <subfield code="7">0</subfield>
    <subfield code="a">25</subfield>
    <subfield code="b">25</subfield>
    <subfield code="d">2018-08-23</subfield>
    <subfield code="l">0</subfield>
    <subfield code="o">C NA687 A7318</subfield>
    <subfield code="p">06 004009</subfield>
    <subfield code="r">2018-08-23</subfield>
    <subfield code="t">1</subfield>
    <subfield code="w">2018-08-23</subfield>
    <subfield code="y">LB</subfield>
  </datafield>
  <datafield tag="952" ind1=" " ind2=" ">
    <subfield code="0">0</subfield>
    <subfield code="1">0</subfield>
    <subfield code="4">0</subfield>
    <subfield code="7">0</subfield>
    <subfield code="a">13</subfield>
    <subfield code="b">13</subfield>
    <subfield code="d">2018-08-27</subfield>
    <subfield code="l">0</subfield>
    <subfield code="o">C NA687 A7318</subfield>
    <subfield code="p">13 004679</subfield>
    <subfield code="r">2018-08-27</subfield>
    <subfield code="t">1</subfield>
    <subfield code="w">2018-08-27</subfield>
    <subfield code="y">LB</subfield>
  </datafield>
  <datafield tag="999" ind1=" " ind2=" ">
    <subfield code="c">103296</subfield>
    <subfield code="d">103296</subfield>
  </datafield>
  <controlfield tag="008">180817s2010    sp ao||| |||| 00| 0 spa d</controlfield>
  <datafield tag="020" ind1=" " ind2=" ">
    <subfield code="a">9788499360454  (E)</subfield>
  </datafield>
  <datafield tag="020" ind1=" " ind2=" ">
    <subfield code="a">9788499360515  (PORT)</subfield>
  </datafield>
  <datafield tag="050" ind1="0" ind2="4">
    <subfield code="a">C NA687</subfield>
    <subfield code="b">A7318</subfield>
  </datafield>
  <datafield tag="245" ind1="2" ind2="0">
    <subfield code="a">Atlas de arquitectura contempor&#xE1;nea = Atlas da arquitectura contemporanea</subfield>
    <subfield code="c">/ Editor de texto Alex S&#xE1;nchez Vidiella; translation coordination : Equipo de edici&#xF3;n</subfield>
  </datafield>
  <datafield tag="260" ind1=" " ind2=" ">
    <subfield code="a">Barcelona, Espa&#xF1;a</subfield>
    <subfield code="b">: FKG</subfield>
    <subfield code="b">LOFT Publications</subfield>
    <subfield code="c">, 2010</subfield>
  </datafield>
  <datafield tag="300" ind1=" " ind2=" ">
    <subfield code="a">719 p&#xE1;ginas</subfield>
    <subfield code="b">: lustraciones, fotograf&#xED;as</subfield>
  </datafield>
  <datafield tag="500" ind1=" " ind2=" ">
    <subfield code="a">Obra en: Espa&#xF1;ol, Italiano, Portugu&#xE9;s e Ingl&#xE9;s</subfield>
  </datafield>
  <datafield tag="505" ind1=" " ind2=" ">
    <subfield code="a">Am&#xE9;rica
Northern Europe
Southern Europe
Eurasia
Asia
Ocean&#xED;a


</subfield>
  </datafield>
  <datafield tag="519" ind1=" " ind2=" ">
    <subfield code="a">Material Complementario /</subfield>
    <subfield code="d">(07 006434)</subfield>
  </datafield>
  <datafield tag="519" ind1=" " ind2=" ">
    <subfield code="a">Material Complementario /</subfield>
    <subfield code="d">(20 004023)</subfield>
  </datafield>
  <datafield tag="519" ind1=" " ind2=" ">
    <subfield code="a">Material Complementario /</subfield>
    <subfield code="d">(06 004009)</subfield>
  </datafield>
  <datafield tag="519" ind1=" " ind2=" ">
    <subfield code="a">Material Complementario /</subfield>
    <subfield code="d">(13 004679)</subfield>
  </datafield>
  <datafield tag="650" ind1="1" ind2="4">
    <subfield code="a">ARQUITECTURA MODERNA</subfield>
    <subfield code="x">DISE&#xD1;O Y PLANOS</subfield>
    <subfield code="y">SIGLO XXI</subfield>
  </datafield>
  <datafield tag="700" ind1="1" ind2=" ">
    <subfield code="a">S&#xE1;nchez Vidiella, &#xC1;lex</subfield>
    <subfield code="d">editor</subfield>
  </datafield>
  <datafield tag="942" ind1=" " ind2=" ">
    <subfield code="c">LB</subfield>
  </datafield>
</record>
